Franchising vybraného fitness centra bakalárska práca

Salvato in:
Dettagli Bibliografici
Autore principale: Braxatorisová, Dominika
Ente Autore: Obchodná fakulta EU. Katedra marketingu
Altri autori: Orgonáš, Jozef, 1957-
Natura: Libro
Lingua:slovacco
Pubblicazione: Bratislava 2018
Tags: Aggiungi Tag
Nessun Tag, puoi essere il primo ad aggiungerne!!

MARC

LEADER 00000nbm a2200000 4500
001 0245023
005 20180815082500.4
041 0 |a slo 
044 |a SK 
245 1 0 |a Franchising vybraného fitness centra  |b bakalárska práca  |c Dominika Braxatorisová ; školiteľ: Jozef Orgonáš 
264 1 |a Bratislava  |c 2018 
300 |a 45 s. 
100 1 |a Braxatorisová, Dominika 
700 1 |a Orgonáš, Jozef, 1957- 
710 2 |a Obchodná fakulta EU. Katedra marketingu